01039cam a22003011 4500001001300000003000400013005001700017008004100034010001700075035001900092040006300111042001200174050002100186082001600207086001500223100003700238245009300275260004300368300004800411490005300459500005500512500004400567504002800611500002000639650002800659650003300687999001700720gs 14000478 DLC20260227111315.0770725s1914 dcuf b f001 0 eng c ags 14000478  a(OCoLC)3138382 aU.S. Geol. Survey. LibrarycFTaSUdFTaSUdOCoLCdISSdDLC apremarc00aQE75b.P9 no. 83 a200 no.83 s0 aI 19.16:831 aSmith, James Perrin,d1864-1931.14aThe middle Triassic marine invertebrate faunas of North America,cby James Perrin Smith. aWashington,bGovt. Print. Off.,c1914. a254 p.bXCIX pl. on 500, fold. tab.c30 cm.0 aU. S. Geological Survey. Professional paper 83 aIssued also as House Doc. 587, 63d Cong., 2d sess. aPlates printed on both sides of leaves. aBibliography: p. 20-23. aIncludes index. 0aPaleontologyyTriassic. 0aPaleontologyzNorth America. c25369d25369